000 00512cam a2200169 4500500
005 20260405001907.0
041 _afre
042 _adc
100 1 0 _aLacroix, Alexandre
_eauthor
245 0 0 _aPartir, c’est vivre un peu plus
260 _c2014.
500 _a18
690 _aExil
690 _aExit
786 0 _nPhilosophie magazine | 85 | 12-1 | 2014-12-01 | p. 31-32 | 1951-1787
856 4 1 _uhttps://shs.cairn.info/magazine-philosophie-magazine-2014-12-1-page-31?lang=fr&redirect-ssocas=7080
999 _c2052083
_d2052083